Acentos agudos en español - Statistics

General Stats
  • This quiz has been taken 9 times
  • The average score is 12 of 14
Answer Stats
Español English % Correct
Cómo How
100%
Si If
100%
Está Is
100%
De Of
100%
El The
100%
Qué What
100%
Yes
100%
You
100%
Que That
83%
Esta This
83%
Él He
67%
Como Like
67%
Tu Yours
67%
Give
50%
No matching quizzes found
Score Distribution
Percent of People with Each Score
Percentile by Number Answered
Your Score History
You have not taken this quiz